000
00297nam a22001337a 4500
008
180806b xxu||||| |||| 00| 0 eng d
082
_a
813.52
245
_a
ISSUES and Earth Science
_c
SEPUP
260
_c
2012
300
_a
2
_f
CD
440
_x
9781603016605
760
_b
2 nd
942
_2
ddc
_c
MX
999
_c
46837
_d
46837